| Tag |
First Indicator |
Second Indicator |
Subfields |
| LEADER |
00000cam a2200000 a 4500 |
| 001 |
in00004458024 |
| 005 |
20191202121404.0 |
| 008 |
851111s1984 nz a b 10010 eng d |
| 035 |
|
|
|a (OCoLC)12778856
|
| 035 |
|
|
|9 AAB5278MS
|
| 035 |
|
|
|z (UtOrBLW)5673
|
| 035 |
|
|
|a 8684
|
| 040 |
|
|
|a MMU
|c MMU
|d TMV
|d UtOrBLW
|
| 049 |
|
|
|a TMVM
|c 1
|
| 060 |
|
4 |
|a SF 997.5.D4
|b D311 1984p
|
| 111 |
2 |
|
|a Deer Course for Veterinarians
|d (1984 :
|c Palmerston North, N.Z.)
|
| 245 |
1 |
0 |
|a Proceedings of a Deer Course for Veterinarians, Palmerston North, June 1984 /
|c course convenor: P.R. Wilson ; Deer Branch Committee, P.R. Wilson[and others].
|
| 264 |
|
1 |
|a Palmerston North, N.Z. :
|b Deer Branch, New Zealand Veterinary Association,
|c [1984?]
|
| 300 |
|
|
|a 153 pages :
|b illustrations ;
|c 30 cm.
|
| 336 |
|
|
|a text
|2 rdacontent
|b txt
|
| 337 |
|
|
|a unmediated
|2 rdamedia
|
| 338 |
|
|
|a volume
|2 rdacarrier
|b nc
|
| 490 |
1 |
|
|a Deer Branch course ;
|v no. 1
|
| 504 |
|
|
|a Includes bibliographical references.
|
| 650 |
|
2 |
|a Deer.
|
| 650 |
|
2 |
|a Animal Diseases.
|
| 655 |
|
2 |
|a Congresses.
|
| 700 |
1 |
|
|a Wilson, P. R.
|
| 710 |
2 |
|
|a New Zealand Veterinary Association.
|b Deer Branch.
|
| 830 |
|
0 |
|a Deer Branch course ;
|v no. 1.
|
| 999 |
|
|
|a MARS
|
| 999 |
f |
f |
|s f15d17b9-0bc5-3f11-ba50-c6ced70daf85
|i d967be76-f971-337c-a4aa-af9f14b8acf2
|t 0
|
| 952 |
f |
f |
|p preservation
|a Texas A&M University
|b J.J. Pickle Campus
|c High Density Repository
|d Remote Storage
|t 0
|e SF 997.5.D4 D311 1984p
|h National Library of Medicine classification
|i unmediated -- volume
|m 3238900277154
|
| 998 |
f |
f |
|a SF 997.5.D4 D311 1984p
|t 0
|l Remote Storage
|